000 00590nam a22002177a 4500
003 OSt
005 20160427183411.0
008 140704b xxu||||| |||| 00| 0 eng d
020 _a: 978-0702029950
020 _a0702029955
040 _cDNLM
082 _aQV737 R931c 2009
_bR
100 _aRutter, Paul.
_9335
245 _aCommunity pharmacy:
_bsymptoms,diagnosis and treatment.
250 _a2nd ed.
260 _aEdinburgh:
_bChurchill
_c2009
300 _axiv,337p.;
_bcol.ill
_c27cm
504 _aGlossary, index included
650 _aCommunity pharmacy
_9336
942 _2z
_cO_SHELF
999 _c124
_d124